LEADER 01501nam a2200337 u 4500 001 000000045565 003 CaOOAMICUS 005 20070226114657.0 008 990607s1991 it u000 u ita u 020 $a8839930701 035 $a10825712 040 $aPUL(R)$bita 100 1 $aBattistutta, Walter.$0(OLS)http://pul/name/33236 245 10$aGiustizia e solidarietà :$bdalla Rerum novarum alla Centesimus annus /$cWalter Battistutta [e] Ruggero Simonato ; Livio Corazza (ed.) ... ; prefazione di Giovanni Bianchi. 260 $aBrescia :$bQueriniana,$cc1991. 300 $a63 p. ;$c24 cm 490 1 $aLinea recta 504 $aBibliografia in nota. 650 4$aDottrina sociale della Chiesa.$0(OLS)http://pul/subject/33229 700 1 $aBianchi, Giovanni,$d1939-$0(OLS)http://pul/name/30995 700 1 $aCorazza, Livio.$0(OLS)http://pul/name/33238 700 1 $aSimonato, Ruggero.$0(OLS)http://pul/name/33237 830 0$aLinea recta.$0(OLS)http://pul/title/61439 850 $aPUL 852 $aPUL$W1$xDP1 Cons. Gen., Altre Classi 1$y22$m43 G 45$j61202$nBK-PRI$b $qStampati$B61202$CPULBib$Z2$F61202 $H $81 941 1 $a8 960 $aDottrina sociale cristiana$933229 961 $aINV: 66564 996 $6020$a8839930701$9(OLS)http://pul/number/56805 996 $6245$aGiustizia e solidarietà :$bdalla Rerum novarum alla Centesimus annus$9(OLS)http://pul/title/61438 996 $6260$aBrescia :$bQueriniana$9(OLS)http://pul/publisher/47906 LEADER 01292nam a2200301 a 4500 001 000000143601 003 CaOOAMICUS 005 20150526143215.0 008 150526s1982 it u000 u ita r 040 $aPUL$bita 041 0 $aita$hspa 100 0 $aTheresia a Iesu,$cs.,$d1515-1582.$0(OLS)http://pul/name/20923 240 10$aCastillo interior.$lItaliano.$0(OLS)http://pul/title/181692 245 10$aCastello interiore /$cTeresa d'Avila ; introduzione e note di p. Tomás Alvarez O.C.D. ; traduzione di p. Edoardo Martinelli. 260 $aArcetri (Firenze) :$bOCD$g1982 300 $a314 p. ;$c17 cm 500 $aNel v. del front.: Nuova traduzione. 700 1 $aMartinelli, Edoardo,$cO.C.D.$0(OLS)http://pul/name/30696 700 1 $aAlvarez, Tomás,$cO.C.D.$0(OLS)http://pul/name/42434 850 $aPUL 852 $aPUL$W1$xDP1 Fondo S. Lanza$y121$m3 A 10$j115012$qFondi$B166021$CPULBib$Z2$F166021 $HLan917 $82 900 $aTeresa d'Avila,$bs.,$d1515-1582.$920923 900 $aTeresa di Gesù,$cs.,$d1515-1582.$920923 900 $aTeresia a Iesu,$cs.,$d1515-1582$920923 941 1 $a1 996 $6245$aCastello interiore$9(OLS)http://pul/title/181693 996 $6260$aArcetri (Firenze) :$bOCD$9(OLS)http://pul/publisher/83429